000 00357nam a22001217a 4500
008 230718b xxu||||| |||| 00| 0 eng d
020 _a9789966008541
082 _a060
_bCHI
245 _aHow to Establish and Manage A Non-Governmental Organization
_cJohn Chikati
260 _aKenya
_bRepaired Publishing Department
_c2011
300 _a108 p
942 _2ddc
_cBK
999 _c3990
_d3990